<?xml version="1.0" encoding="UTF-8"?><?xml-stylesheet type="text/xsl" href="static/style.xsl"?><OAI-PMH xmlns="http://www.openarchives.org/OAI/2.0/" xmlns:xsi="http://www.w3.org/2001/XMLSchema-instance" xsi:schemaLocation="http://www.openarchives.org/OAI/2.0/ http://www.openarchives.org/OAI/2.0/OAI-PMH.xsd"><responseDate>2026-04-17T09:17:30Z</responseDate><request verb="GetRecord" identifier="oai:riubu.ubu.es:10259/49" metadataPrefix="marc">https://riubu.ubu.es/oai/request</request><GetRecord><record><header><identifier>oai:riubu.ubu.es:10259/49</identifier><datestamp>2022-04-27T08:50:22Z</datestamp><setSpec>com_10259_2699</setSpec><setSpec>col_10259_2713</setSpec></header><metadata><record xmlns="http://www.loc.gov/MARC21/slim" xmlns:doc="http://www.lyncode.com/xoai" xmlns:xsi="http://www.w3.org/2001/XMLSchema-instance" xmlns:dcterms="http://purl.org/dc/terms/" xsi:schemaLocation="http://www.loc.gov/MARC21/slim http://www.loc.gov/standards/marcxml/schema/MARC21slim.xsd">
<leader>00925njm 22002777a 4500</leader>
<datafield tag="042" ind1=" " ind2=" ">
<subfield code="a">dc</subfield>
</datafield>
<datafield tag="720" ind1=" " ind2=" ">
<subfield code="a">Andrés Zuñeda, María Maite</subfield>
<subfield code="e">author</subfield>
</datafield>
<datafield tag="260" ind1=" " ind2=" ">
<subfield code="c">2005</subfield>
</datafield>
<datafield tag="520" ind1=" " ind2=" ">
<subfield code="a">El Trabajo de Laboratorio (TL) en la enseñanza de la física a partir de una situación-problema, es concebido como un conjunto de tareas del quehacer experimental científico (subproblemas) que demandan conceptualizaciones interrelacionadas de los dominios metodológico y teórico asociado con la situación. La complejidad del aprendizaje es interpretada mediante un modelo (MATLaF) construido con base a la Teoría de Campos Conceptuales (Vergnaud, 1990) y la epistemología de la ciencia (tendencias no estándar). La viabilidad y efectividad del modelo se estudió con un curso universitario de laboratorio del profesorado de física (Venezuela), mediante un estudio cualitativo. Al inicio, predominaba una concepción de ciencia próxima a la estándar, y las acciones experimentales mostraban desconexión entre lo teórico y lo metodológico, con énfasis en rutinas. El ensayo fue mediado y evaluado con el modelo MATLaF y favoreció el desarrollo conceptual de lo teórico-epistemológico-metodológico en la mayoría de los alumnos de manera integral.</subfield>
</datafield>
<datafield tag="520" ind1=" " ind2=" ">
<subfield code="a">This laboratory work (LW) in physics teaching begin with a problem-situation, that is conceived as a combination of sub-tasks of the scientific experimental activity (subproblems), demanding interrelated conceptualizations of the methodological and theoretical domains, associated with the situation. The complexity of the learning is interpreted with a model (MATLaF) constructed with a base in the Theory of Conceptual Fields (Vergnaud, 1990) and the science epistemology (no standard). The viability and effectiveness of the model was studied with a university laboratory course, with students to become physics teachers (Venezuela), by means of a qualitative study. At the beginning, a conception of science next to the standard notion predominated, and the experimental actions showed a disconnection between the theoretical and methodological domains, with emphasis in routines. The test was guided and evaluated with the MATLaF model; this favoured the conceptual development in the theoretical-epistemologic-methodologic domain of integral way, for most of the students.</subfield>
</datafield>
<datafield tag="024" ind2=" " ind1="8">
<subfield code="a">978-84-96394-59-9</subfield>
</datafield>
<datafield tag="024" ind2=" " ind1="8">
<subfield code="a">http://hdl.handle.net/10259/49</subfield>
</datafield>
<datafield tag="024" ind2=" " ind1="8">
<subfield code="a">10.36443/10259/49</subfield>
</datafield>
<datafield ind1=" " ind2=" " tag="653">
<subfield code="a">Trabajo de laboratorio</subfield>
</datafield>
<datafield ind1=" " ind2=" " tag="653">
<subfield code="a">Campos conceptuales</subfield>
</datafield>
<datafield ind1=" " ind2=" " tag="653">
<subfield code="a">Concepciones epistemológicas</subfield>
</datafield>
<datafield ind1=" " ind2=" " tag="653">
<subfield code="a">Enseñanza de la física</subfield>
</datafield>
<datafield ind1=" " ind2=" " tag="653">
<subfield code="a">Profesorado de física</subfield>
</datafield>
<datafield ind1=" " ind2=" " tag="653">
<subfield code="a">Laboratory work</subfield>
</datafield>
<datafield ind1=" " ind2=" " tag="653">
<subfield code="a">Conceptual fields</subfield>
</datafield>
<datafield ind1=" " ind2=" " tag="653">
<subfield code="a">Epistemology conceptions</subfield>
</datafield>
<datafield ind1=" " ind2=" " tag="653">
<subfield code="a">Teaching physics</subfield>
</datafield>
<datafield ind1=" " ind2=" " tag="653">
<subfield code="a">Physics teacher</subfield>
</datafield>
<datafield tag="245" ind1="0" ind2="0">
<subfield code="a">Diseño del trabajo de laboratorio con bases epistemológicas y cognitivas : caso carrera de profesorado de física</subfield>
</datafield>
</record></metadata></record></GetRecord></OAI-PMH>